| 000 -LEADER |
| fixed length control field |
01400 a2200229 4500 |
| 003 - CONTROL NUMBER IDENTIFIER |
| control field |
Nust |
| 005 - DATE AND TIME OF LATEST TRANSACTION |
| control field |
20221026143039.0 |
| 020 ## - INTERNATIONAL STANDARD BOOK NUMBER |
| International Standard Book Number |
0-07-020975-8 |
| 022 ## - INTERNATIONAL STANDARD SERIAL NUMBER |
| International Standard Serial Number |
0070209758 |
| 040 ## - CATALOGING SOURCE |
| Transcribing agency |
Nust |
| 082 04 - DEWEY DECIMAL CLASSIFICATION NUMBER |
| Classification number |
621.3092,STA |
| 100 ## - MAIN ENTRY--PERSONAL NAME |
| Personal name |
Donald G. Fink, editor, H. Wayne Beaty, editor |
| 9 (RLIN) |
101446 |
| 245 00 - TITLE STATEMENT |
| Title |
Standard handbook for electrical engineers / |
| Statement of responsibility, etc. |
Donald G. Fink, editor, H. Wayne Beaty, editor |
| 250 ## - EDITION STATEMENT |
| Edition statement |
13th. ed. |
| 260 ## - PUBLICATION, DISTRIBUTION, ETC. |
| Place of publication, distribution, etc. |
New York : |
| Name of publisher, distributor, etc. |
McGraw-Hill, |
| Date of publication, distribution, etc. |
1987 |
| 300 ## - PHYSICAL DESCRIPTION |
| Extent |
xvi, 2210 s. med var. pag. : |
| Other physical details |
diagr., ill., tab. |
| 505 ## - FORMATTED CONTENTS NOTE |
| Formatted contents note |
SECTION 1: Units, Symbols, Constants, Definitions, and Conversion factors (Page-1-1), SECTION 2: Electric and Magnetic Circuits (Page-2-1), SECTION-3: Measurements and Instruments (Page-3-1), SECTION 4: Properties of Materials (Page-4-1), SECTION-5: Generation (Page-5-1), SECTION 6: Prime Movers (Page-6-1), SECTION-7: Alternating Current Generators (Page-7-1), , SECTION 8: Direct Current Generators (Page-8-1), SECTION 9: Hydro electronic Power Generation (Page-9-1), SECTION 10: Power System Components (Page-10-1), SECTION 11: Alternate Sources and Converters of Power (Page-11-1), SECTION 12: Economics of Bulk Electric Power Supply (Page-12-1), SECTION 13: Project Economics (Page-13-1). |
| 650 #4 - SUBJECT ADDED ENTRY--TOPICAL TERM |
| Topical term or geographic name entry element |
Telecommunication Engineering. |
| 700 1# - ADDED ENTRY--PERSONAL NAME |
| Personal name |
Beaty, H. Wayne |
| Relator code |
oth |
| 9 (RLIN) |
101447 |
| 700 1# - ADDED ENTRY--PERSONAL NAME |
| Personal name |
Fink, Donald G. |
| Relator code |
oth |
| 9 (RLIN) |
41620 |
| 942 ## - ADDED ENTRY ELEMENTS (KOHA) |
| Koha item type |
Reference |
| Source of classification or shelving scheme |
|